Most Populous Cities in Japan - Statistics

General Stats
  • This quiz has been taken 26 times
  • The average score is 17 of 50
Answer Stats
People Answer % Correct
8.33m Tokyo
100%
2.75m Osaka
91%
1.14m Hiroshima
87%
1.45m Kyoto
87%
2.19m Nagoya
83%
1.88m Sapporo
83%
1.52m Kobe
78%
0.41m Nagasaki
78%
1.39m Fukuoka
65%
1.06m Sendai
65%
1.30m Kawasaki
61%
0.79m Niigata
52%
0.63m Okayama
52%
0.55m Kagoshima
39%
0.99m Kitakyushu
39%
0.68m Kumamoto
39%
1.19m Saitama
39%
0.79m Hamamatsu
35%
0.36m Nagano
30%
0.78m Sakai
30%
0.70m Shizuoka
30%
0.44m Utsunomiya
30%
0.44m Oita
26%
0.42m Yokosuka
26%
0.38m Fukuyama
22%
0.56m Hachioji
22%
0.44m Matsuyama
22%
3.57m Yokohama
22%
0.48m Himeji
17%
0.40m Hirakata
17%
0.35m Iwaki
17%
0.45m Kanazawa
17%
0.46m Kawaguchi
17%
0.43m Kurashiki
17%
0.47m Matsudo
17%
0.36m Toyota
17%
0.44m Amagasaki
13%
0.35m Asahikawa
13%
0.39m Fujisawa
13%
0.35m Okazaki
13%
0.37m Toyohashi
13%
0.39m Machida
4%
0.35m Takatsuki
4%
0.38m Toyonaka
4%
0.39m Gifu-Shi
0%
0.56m Honcho
0%
0.37m Minato
0%
0.36m Nara-Shi
0%
0.46m Nishinomaya-Hama
0%
0.91m Shiba
0%
No matching quizzes found
Score Distribution
Percent of People with Each Score
Percentile by Number Answered
Your Score History
You have not taken this quiz